| 000 | 00382 a2200133 4500 | ||
|---|---|---|---|
| 003 | Nust | ||
| 005 | 20170207165510.0 | ||
| 040 | _cNust | ||
| 082 | _a799 | ||
| 245 |
_aCPD on Certification in software Proj Mgmt _cMCS |
||
| 260 |
_aRawalpindi _bMCS _c09-08-2014 |
||
| 650 | _aPictures of CPD on Certification in software Proj Mgmt, Photographs-2014 (CD-NO 24 Vol V) | ||
| 651 | _aSweet Memories-MCS | ||
| 942 | _cBK | ||
| 999 |
_c212213 _d212213 |
||